Every Song by Creed - Statistics

General Stats
  • This quiz has been taken 62 times
  • The average score is 16 of 51
Answer Stats
Album Song % Correct
Human Clay(1999) With Arms Wide Open
91%
Human Clay(1999) Higher
88%
My Own Prison(1997) My Own Prison
86%
My Own Prison(1997) One
84%
Weathered(2001) My Sacrifice
81%
Weathered(2001) One Last Breath
79%
Weathered(2001) Weathered
67%
Full Circle(2009) Rain
65%
My Own Prison(1997) Torn
60%
Human Clay(1999) What If
58%
Human Clay(1999) Faceless Man
44%
Full Circle(2009) Full Circle
44%
Human Clay(1999) Are You Ready?
40%
Weathered(2001) Bullets
40%
Weathered(2001) Don't Stop Dancing
37%
My Own Prison(1997) Allusion
35%
My Own Prison(1997) In America
35%
My Own Prison(1997) Ode
35%
My Own Prison(1997) Pity for a Dime
35%
My Own Prison(1997) What's This Life For
35%
Full Circle(2009) A Thousand Faces
30%
Human Clay(1999) Say I
30%
Human Clay(1999) Beautiful
28%
Full Circle(2009) Overcome
28%
My Own Prison(1997) Sister
28%
Weathered(2001) Freedom Fighter
26%
Weathered(2001) Hide
26%
My Own Prison(1997) Unforgiven
26%
Full Circle(2009) On My Sleeve
23%
Human Clay(1999) Inside Us All
21%
Human Clay(1999) Never Die
21%
Weathered(2001) Stand Here with Me
21%
Weathered(2001) Who's Got My Back?
19%
Human Clay(1999) Wrong Way
19%
Weathered(2001) Signs
16%
Full Circle(2009) Time
16%
Full Circle(2009) Fear
14%
Human Clay(Bonus)(1999) To Whom It May Concern
14%
Human Clay(1999) Wash Away Those Years
14%
Full Circle(2009) Away in Silence
12%
Full Circle(2009) Bread of Shame
12%
Human Clay(Bonus)(1999) Is This the End?
9%
Weathered(2001) Lullaby
9%
Full Circle(2009) Good Fight
7%
Full Circle(2009) Suddenly
7%
With Arms Wide Open: A Retrospective(2015) Why
7%
Human Clay(Bonus)(1999) Young Grow Old
7%
Full Circle(Bonus)(2009) Silent Teacher
5%
Full Circle(2009) The Song You Sing
5%
With Arms Wide Open: A Retrospective(2015) Blistered
2%
With Arms Wide Open: A Retrospective(2015) More Than This
2%
No matching quizzes found
Score Distribution
Percent of People with Each Score
Percentile by Number Answered
Your Score History
You have not taken this quiz